000 00336nam a22001457a 4500
003 SGT
020 _a978-81-312-7358-6
082 _a616.07
_bAST
100 _aASTER, JON. C.
245 _aROBBINS PATHOLOGIC BASIS OF DISEASE
260 _aINDIA
_bELSEVIER PUB.
_c2026
300 _a11TH
650 _aPATHOLOGY
942 _2ddc
_cBK
999 _c33045
_d33045